|
|
|
|
| LEADER |
01251nam a2200313 a 4500 |
| 001 |
14857875 |
| 008 |
120806s2008 cau b 001 0 eng |
| 010 |
|
|
|a 2007021299
|
| 020 |
|
|
|a 9781412959100 (cloth)
|
| 020 |
|
|
|a 1412959101 (cloth)
|
| 020 |
|
|
|a 9781412959117 (pbk.)
|
| 020 |
|
|
|a 141295911X (pbk.)
|
| 040 |
|
|
|a DLC
|c DLC
|d BAKER
|d BTCTA
|d C#P
|d YDXCP
|d BWX
|d DLC
|d BD-DhAAL
|
| 043 |
|
|
|a n-us---
|
| 050 |
0 |
0 |
|a LB3068
|b .T35 2008
|
| 082 |
0 |
0 |
|a 371.95
|2 22
|
| 100 |
1 |
|
|a Tallent-Runnels, Mary K.
|
| 245 |
1 |
0 |
|a Academic competitions for gifted students :
|b a resource book for teachers and parents /
|c Mary K. Tallent-Runnels, Ann C. Candler-Lotven.
|
| 250 |
|
|
|a 2nd ed.
|
| 260 |
|
|
|a Thousand Oaks, CA :
|b Corwin Press,
|c c2008.
|
| 300 |
|
|
|a xii, 179 p. ;
|c 26 cm.
|
| 504 |
|
|
|a Includes bibliographical references and indexes.
|
| 541 |
|
|
|e 00025865
|
| 650 |
|
0 |
|a School contests
|z United States.
|
| 650 |
|
0 |
|a Gifted children
|x Education
|z United States.
|
| 700 |
1 |
|
|a Candler-Lotven, Ann C.
|
| 852 |
1 |
|
|a Ayesha Abed Library
|c General Shelf.
|
| 999 |
|
|
|c 12703
|d 12703
|
| 952 |
|
|
|0 0
|1 0
|2 ddc
|4 0
|6 371_950000000000000_TAL
|7 0
|9 20940
|a BRACUL
|b BRACUL
|c GEN
|d 2012-08-06
|e Developement Book Agency
|g 6654.00
|l 0
|o 371.95 TAL
|p 3010025865
|r 2012-08-06
|t 1
|w 2012-08-06
|y BK
|